| 000 -CABECERA |
| fixed length control field |
01266nam a22002057a 4500 |
| 003 - IDENTIFICADOR DEL NÚMERO DE CONTROL |
| control field |
AR-CdUCM |
| 008 - DATOS DE LONGITUD FIJA--INFORMACIÓN GENERAL |
| fixed length control field |
190328b ||||| |||| 00| 0 spa d |
| 040 ## - FUENTE DE LA CATALOGACIÓN |
| Agencia/entidad que catalogó originalmente la obra |
MUNICIPALIDAD PROVINCIAL DEL CUSCO |
| Entidad que transcribió la catalogación |
BIBLIOTECA MUNICIPAL DEL CUSCO |
| 082 ## - NÚMERO DE LA CLASIFICACIÓN DECIMAL DEWEY |
| No. de Clasificación |
909 / |
| Notacion interna |
C25 / 1875 |
| 100 ## - ENTRADA PRINCIPAL--NOMBRE DE PERSONA |
| Nombre Personal |
Cantú, César |
| 245 ## - MENCIÓN DE TÍTULO |
| Título |
Historia universal / |
| 260 ## - PUBLICACIÓN, DISTRIBUCIÓN, ETC. |
| Lugar de publicación, distribución, etc. |
París : |
| Nombre de la editorial, distribuidor, etc. |
Librería de Garnier hermanos, |
| Fecha de publicación, distribución, etc. |
1875. |
| 300 ## - DESCRIPCIÓN FÍSICA |
| Nº de Páginas Extensión |
tomos ; |
| Otros detalles físicos |
ilustraciones a color y b/n ; |
| Dimensiones |
27 cm. |
| 505 ## - NOTA DE CONTENIDO CON FORMATO |
| Nota de contenido formateada |
Contenido : t.4: Los municipios - Caida del imperio de oriente -- Los descubrimientos -- t.1: Creacion y dispersion de los hombres -- aclaraciones -- persia -- politica exterior -- guerras punicas -- t.2: Guerras civiles, aclaraciones al libro V, desde cristo a constantino -- t.3: los barbaros, Mahoma, desde Carlo Magno hasta las Cruzadas -- t.5: el siglo décimosexto, el siglo décimosétimo -- t.6: concecuencias de la paz en Utrecht, anamblea naciona... |
| 650 ## - PUNTO DE ACCESO ADICIONAL DE MATERIA--TÉRMINO DE MATERIA |
| Descriptor |
Historia universal |
| 9 (RLIN) |
1423 |
| 942 ## - ELEMENTOS DE PUNTO DE ACCESO ADICIONAL (KOHA) |
| Fuente de clasificación |
|
| Tipo de item |
Libros-BMC |
| 945 ## - PROCESAMIENTO DE INFORMACIÓN LOCAL (OCLC) |
| Catalogador |
wfj |
| AAAA-MM-DD - Fecha de ingreso o modificacion |
2019-04-16 |